000 00684nam a2200265Ia 4500
001 830
005 20240113233431.0
007 ta
008 050125s1884 a g b000 u eng u
020 _cHB
040 _aCotton College,Assam
041 _aeng
082 _a294
_bMu 912 Ja
100 _aMuller, F. Max .
245 0 _aJaina Sutras /
_cF. Max Muller ed.
_hTextual Documents
250 _a1st ed /
260 _aDelhi :
_bLow price publications ,
_c1884.
300 _a324p. :
_bill ;
_c21cm .
362 _aVol.XXII/Part. I-
653 _aReligion-Jainism
653 _aReference-Assamese
942 _2ddc
_cBK
999 _c828
_d828